Loading...
Fine Arts - Classical Music | 0 | 3 | 1 | 0 | 25 | 108 | 120.00 | 0 | 2 |
Science - Biology | 0 | 2 | 0 | 0 | 20 | 80 | 84.50 | 0 | 2 |
Religion | 0 | 3 | 2 | 0 | 20 | 91 | 115.67 | 0 | 2 |
Literature - British Literature | 0 | 2 | 0 | 1 | 20 | 101 | 128.00 | 1 | 2 |
Fine Arts - Painting and Sculpture | 0 | 3 | 3 | 0 | 15 | 119 | 127.00 | 0 | 1 |
Current Events | 0 | 1 | 0 | 0 | 10 | 113 | 113.00 | 0 | 0 |
History - American History | 0 | 2 | 2 | 0 | 10 | 101 | 112.50 | 0 | 0 |
History - European History | 0 | 1 | 0 | 0 | 10 | 67 | 67.00 | 1 | 1 |
History - Other History | 0 | 1 | 0 | 0 | 10 | 121 | 121.00 | 0 | 1 |
Literature - European Literature | 0 | 1 | 0 | 1 | 10 | 136 | 136.00 | 0 | 0 |
Literature - World Literature | 0 | 1 | 0 | 0 | 10 | 133 | 133.00 | 0 | 0 |
Literature - American Literature | 0 | 1 | 1 | 1 | 5 | 131 | 131.00 | 0 | 0 |
Science - Chemistry | 0 | 1 | 1 | 0 | 5 | 104 | 104.00 | 1 | 1 |
History - World History | 0 | 2 | 3 | 0 | 5 | 99 | 102.00 | 0 | 1 |
Science - Physics | 0 | 0 | 0 | 0 | 0 | 0.00 | 0 | 0 | |
Philosophy | 0 | 0 | 0 | 0 | 0 | 0.00 | 0 | 0 | |
Science - Other Science | 0 | 0 | 0 | 0 | 0 | 0.00 | 0 | 0 | |
Fine Arts - Other Fine Arts | 0 | 0 | 1 | 0 | -5 | 0.00 | 0 | 0 | |
Social Science | 0 | 0 | 2 | 0 | -10 | 0.00 | 0 | 0 |